[Event "American Continental-ch 2018"]
[Site "Montevideo"]
[Date "2018.06.08"]
[Round "9"]
[White "Foisor, Sabina-Francesca"]
[Black "Cervantes Landeiro, Thalia"]
[Result "1/2-1/2"]
[WhiteElo "2301"]
[BlackElo "2087"]
[Annotator "TA"]
[PlyCount "138"]
[EventDate "2018.??.??"]
[EventType "swiss"]
[EventCountry "URU"]
[SourceTitle "playchess.com"]
[Source "ChessBase"]
[SourceQuality "1"]

{[%evp 30,138,21,24,20,20,14,0,37,14,16,22,20,9,14,10,15,8,8,9,14,19,25,26,86,65,91,91,91,93,139,135,140,146,149,145,145,100,87,50,50,56,146,131,171,162,177,99,173,162,187,151,350,372,350,335,498,497,693,688,604,1460,1293,1327,1333,639,711,92,630,445,1781,1042,5493,9953,29967,29969,29976,0,0,0,0,0,0,0,0,0,0,0,0,0,0,0,0,0,0,0,0,0,0,0,0,0,0,0,0,0,0,0,0,0,29988]} 1. d4 Nf6 2. c4 g6 3. Nc3 d5 4. Bg5 Ne4 5. Bf4 Nxc3 6. bxc3 Bg7 7. e3 O-O 8. Nf3 c5 9. cxd5 Qxd5 10. Be2 Nc6 11. O-O cxd4 12. cxd4 Bf5 13. Qa4 {D80: Grünfeldindisch (4.Lg5)} Rac8 (13... Qa5 14. Qxa5 Nxa5 15. Nd2 Rfc8 16. Rfc1 Rxc1+ 17. Rxc1 Rc8 18. Rxc8+ Bxc8 19. Bf3 Be6 20. a3 Ba2 {1-0 (54) Fedoseev,V (2658)-Xiong,J (2674) Saint Louis 2017}) 14. Rfc1 Qa5 15. Qxa5 Nxa5 16. Nd2 {LiveBook: 5 Partien} Nc6 17. g4 Be6 18. Bf3 $146 ({Vorgänger:} 18. a3 Bd5 19. Bf3 Bxf3 20. Nxf3 b6 21. Bg3 Rfd8 22. Kg2 Na5 23. Rab1 Nc4 24. a4 {½-½ (24) Kolanek,R (2078)-Smirnovs,A (2147) LSS email 2012}) 18... Rfd8 19. Nb3 Bd5 $1 {[%cal Rd5f3]} 20. Bxd5 Rxd5 21. Rc4 e5 22. Bxe5 Bxe5 23. dxe5 Rxe5 24. Rd1 Rb8 25. Rd7 Ree8 26. Rc7 h6 (26... Ne5 $11 {bleibt in der Remisbreite.}) 27. h3 Kf8 28. Nc5 $1 {[%cal Rc5d7] Schwarz muss nun Sd7+ beachten.} Ne5 29. Re4 $1 {[%cal Re4e5] Droht Txe5! und aus.} Nf3+ 30. Kg2 Rxe4 31. Nxe4 $16 {[%mdl 4096] Endspiel KTS-KTS} Ne5 32. f4 Nc6 33. Nc5 Rd8 34. Nxb7 Rd2+ 35. Kf3 Nb4 (35... Ne7 $14) 36. Nc5 Rxa2 37. Nd7+ $1 Ke8 38. Ne5 ({Besser ist} 38. Nf6+ $1 $18 Kf8 39. Rc8+ Ke7 40. Ng8+ Ke6 41. Re8+ (41. Nxh6 Nd3 $18) 41... Kd7 42. Re7+ Kc6 43. Rxf7 (43. Nxh6 Nd5 $18)) 38... a5 (38... Rh2 $16) 39. Nxf7 a4 40. Nd6+ ({Lieber nicht} 40. Nxh6 a3 $11) 40... Kf8 $2 (40... Kd8 $16 41. Ra7 Nc6 42. Ra8+ Kc7) 41. f5 $18 gxf5 42. gxf5 {zielt auf f6 ab.} (42. Nxf5 a3 $11) 42... Ra1 (42... Rc2 $142 43. Rf7+ Kg8) 43. Ke4 $1 Rd1 44. Ke5 Rc1 45. Rxc1 {Weiss droht Tc8+ und Matt.} Nd3+ {[#]} 46. Kf6 $1 {[%cal Rc1c8]} Nxc1 {KS-KS} 47. Nc4 (47. Nb5 $142 Ne2 48. e4) 47... Ne2 {beabsichtigt ...Sc3.} 48. e4 $2 (48. Nb6 $18 {ist viel giftiger.} Ng1 49. Nxa4) 48... Nc3 $2 {[%mdl 8192]} (48... Ng3 $16) 49. e5 Nb5 (49... Nd5+ $142 50. Ke6 Nc7+ 51. Kd7 Ne8) 50. Kg6 a3 {[#]} 51. Nxa3 $1 {[%mdl 512]} Nxa3 52. Kxh6 {KS-K3B} Kf7 {[#]} 53. e6+ $2 (53. Kg5 $1 {setzt Matt} Nc4 54. e6+ Kg8 55. h4 Nb6 56. h5 Na8 57. Kg6 Kf8 58. h6) 53... Kf6 $11 {Die Stellung ist ausgeglichen.} 54. e7 Kxe7 {KS-KBB} 55. Kg7 Nb5 56. f6+ Kd7 $1 57. f7 Nd4 58. h4 Ne6+ 59. Kf6 Nf8 60. h5 Kd6 61. h6 Kd7 62. Kg7 Ke7 63. Kg8 Nh7 64. Kg7 Nf8 65. Kg8 Nh7 66. Kxh7 {Beabsichtigt Kg6 und Matt.} Kxf7 67. Kh8 Kf8 68. Kh7 Kf7 69. Kh8 Kf6 $4 {[%mdl 40960] Precision: Weiß = 63%, Schwarz = 35%. . An unexpected result.} (69... Kf8 $11) 1/2-1/2

[Event "American Continental-ch 2018"]
[Site "Montevideo"]
[Date "2018.06.08"]
[Round "9"]
[White "Grabinsky, Aaron"]
[Black "Balzano, Ivan"]
[Result "1-0"]
[WhiteElo "2296"]
[BlackElo "2142"]
[Annotator "TA"]
[PlyCount "67"]
[EventDate "2018.??.??"]
[EventType "swiss"]
[EventCountry "URU"]
[SourceTitle "playchess.com"]
[Source "ChessBase"]
[SourceQuality "1"]

{[%evp 11,67,15,26,6,6,3,12,6,13,-11,17,13,34,31,65,71,58,52,53,44,83,7,111,105,157,156,145,138,164,182,176,170,329,320,324,328,310,317,420,390,428,385,372,158,241,245,251,175,419,306,452,447,418,422,1442,897,29990,29991]} 1. e4 c5 2. Nc3 Nc6 3. Bb5 Nd4 4. Nf3 a6 5. Bd3 (5. Bc4 b5 6. Bd3 Nc6 7. O-O g6 8. a4 b4 9. Nd5 Bg7 10. c3 e6 11. Re1 Nge7 12. Nxe7 Qxe7 {1-0 (41) Grischuk,A (2772)-Mamedov,R (2709) Huaian 2017}) 5... Nc6 6. Be2 {B23: Closed Sicilian: Lines without g3} e5 {LiveBook: 3 Games} 7. d3 Be7 8. Nd5 {The position is equal.} d6 9. c3 Nf6 10. Nxe7 $146 ({Predecessor:} 10. O-O O-O 11. a4 Be6 12. Nxe7+ Qxe7 13. Ng5 Rad8 {½-½ (69) Eichinger,G (1868)-Wolf,R (1773) Bergen 2010}) 10... Nxe7 11. Bg5 Ng6 12. Nh4 Nf4 13. Bxf4 exf4 14. Nf3 O-O 15. Qd2 Qb6 16. O-O-O ({White should play} 16. O-O $16) 16... c4 (16... Be6 $11) 17. Nd4 ({But not} 17. dxc4 $6 Qxf2 18. Rhf1 Qxg2 $11) 17... cxd3 ({Black should try} 17... Qa5) 18. Bxd3 $16 ({Much weaker is} 18. Qxd3 $6 Bd7 $11) 18... Be6 19. Bb1 Rac8 20. Qxf4 Rfd8 21. f3 {[%cal Bf2f3,Bf3f4,Bf4f5,Bf5f6][%mdl 32]} d5 $2 {[#]} (21... Qc5 {keeps fighting.} 22. Bc2 b5) 22. e5 $18 Nd7 23. Qh4 Nf8 24. f4 Rc4 25. f5 Bd7 {Black hopes to continue with ...Rdc8.} 26. f6 Re8 27. Rde1 (27. Rhf1 $18 {and White stays clearly on top.}) 27... Ng6 (27... Rec8 $16 28. Qg5 Ng6) 28. Bxg6 $1 hxg6 29. Rhf1 $40 {[%mdl 128] White has strong attack.} Qd8 $2 (29... Bf5 30. Rxf5 Qxd4 31. Qxd4 Rxd4) 30. e6 Bxe6 {[#]} (30... Rxe6 $142 31. Rxe6 (31. Nxe6 Bxe6 32. Qg3 Rg4 $16) 31... Rxd4 32. Qxd4 Bxe6 33. fxg7 Qg5+ 34. Qd2 Qh5) 31. Rxe6 $1 {[%mdl 512]} Rxe6 32. Nxe6 Qa5 (32... Qe8 $142 33. Nf4 Qe3+ 34. Kb1 Qe4+ 35. Ka1 Qe2 36. Qh8+ Kxh8 37. fxg7+ Kg8 38. Nxe2 b5) 33. Nd4 {Threatening mate with fxg7.} Qxa2 34. fxg7 {Precision: White = 57%, Black = 17%.} 1-0

[Event "American Continental-ch 2018"]
[Site "Montevideo"]
[Date "2018.06.08"]
[Round "9"]
[White "Colas, Joshua"]
[Black "Henriquez Villagra, Cristobal"]
[Result "1-0"]
[WhiteElo "2285"]
[BlackElo "2518"]
[Annotator "TA"]
[PlyCount "83"]
[EventDate "2018.??.??"]
[EventType "swiss"]
[EventCountry "URU"]
[SourceTitle "playchess.com"]
[Source "ChessBase"]
[SourceQuality "1"]

{[%evp 18,83,46,42,51,60,68,64,70,69,77,70,71,55,56,61,77,87,104,103,86,70,80,71,72,65,71,71,74,64,54,22,23,31,44,0,0,0,0,6,20,0,0,0,0,0,0,0,0,0,0,-63,-74,-220,-218,-257,-211,-233,-231,-235,-243,-215,-220,-250,-158,-148,-113,-119]} 1. Nf3 d5 2. c4 d4 3. b4 g6 4. g3 Bg7 5. d3 e5 6. Bg2 Ne7 {[%cal Bg8e7,Be7f5,Bf5d4,Bd4b3][%mdl 32]} 7. O-O O-O 8. a4 {A09: Réti Opening: 1 Nf3 d5 2 c4} a5 9. b5 c5 10. Ra2 {LiveBook: 18 Games. White is slightly better.} Nf5 (10... h6 11. e3 Be6 12. exd4 cxd4 13. Re2 Nd7 14. Ba3 Re8 15. Rfe1 {½-½ (60) Maghsoodloo,P (2584)-Wen,Y (2617) Bandar e Anzali 2017}) 11. e3 dxe3 12. fxe3 Ra7 $146 ({Predecessor:} 12... Be6 13. Nc3 h6 14. Re2 Nd7 15. Nd2 {½-½ (96) Brzezinski,A (2165)-Todorovic,G (2476) Skopje 2014}) 13. Nc3 b6 14. e4 Nd4 15. Nd5 Bg4 16. Qe1 Nb3 17. Be3 f6 18. Raf2 Raf7 19. h3 Be6 20. Qd1 Nd4 21. Nxd4 cxd4 22. Bc1 Nd7 23. Ba3 Re8 24. Qd2 Bf8 25. Bc1 Bd6 26. g4 Ref8 27. Qd1 Kg7 28. h4 Nc5 29. g5 Bxd5 30. gxf6+ Rxf6 31. Bg5 $1 Rxf2 32. Bxd8 Rxf1+ 33. Bxf1 Rxd8 34. exd5 ({White should try} 34. cxd5 $11 h5 35. Be2) 34... h5 $1 $15 35. Qc2 {[#]} (35. Kg2 $17 {might work better.}) 35... Rf8 $1 $19 36. Qg2 Rf5 37. Qc2 Rf4 38. Be2 Rxh4 39. Bd1 Rf4 40. Qg2 Rf5 41. Qh3 Kf6 42. Bc2 {[%mdl 32768] Precision: White = 56%, Black = 71%. . Loss on Time!?} 1-0

[Event "American Continental-ch 2018"]
[Site "Montevideo"]
[Date "2018.06.08"]
[Round "9"]
[White "Coro, Lucas"]
[Black "Rodriguez Vila, Andres"]
[Result "1/2-1/2"]
[WhiteElo "2269"]
[BlackElo "2483"]
[Annotator "TA"]
[PlyCount "162"]
[EventDate "2018.??.??"]
[EventType "swiss"]
[EventCountry "URU"]
[SourceTitle "playchess.com"]
[Source "ChessBase"]
[SourceQuality "1"]

{[%evp 23,162,55,104,77,87,49,60,56,95,61,125,93,102,102,143,133,133,133,704,690,702,701,693,686,693,693,677,628,726,719,677,626,620,620,633,443,431,437,435,429,631,632,624,613,592,452,592,381,381,388,377,375,390,385,372,367,375,362,588,545,2336,2387,2224,1895,1561,1350,1579,1206,12834,12835,11123,12525,6618,9427,2672,5509,1802,1586,1221,940,12810,6303,2566,2392,2386,2239,2551,2257,1453,523,452,492,404,0,0,0,0,0,0,0,0,0,0,0,0,0,0,0,0,0,0,0,0,0,0,0,0,0,0,0,0,0,0,0,0,0,0,0,0,0,0,0,0,0,0,0,0,0,0,0,0]} 1. e4 d6 2. d4 g6 3. Nc3 a6 4. a4 Bg7 5. Nf3 {[%cal Bg1f3,Bf3d2,Bd2c4][%mdl 32]} Bg4 6. Be2 Nd7 7. O-O c5 8. d5 Ngf6 9. Nd2 Bxe2 10. Qxe2 O-O 11. Nc4 Ne8 12. a5 Nc7 13. Na4 {A43: Schmid Benoni} f5 $146 ({Predecessor:} 13... Rb8 14. Bf4 f5 15. f3 Rf7 16. Rad1 fxe4 17. fxe4 Qf8 18. Bg3 Rd8 19. c3 Nf6 20. Nxc5 Nh5 {1-0 (52) Rotstein,A (2495)-Hommeles,T (2400) Germany 2008}) 14. exf5 Rxf5 15. Nab6 {White is slightly better.} Rb8 16. Ra3 Nf8 (16... Nxb6 $14 17. Nxb6 Qe8) 17. Rf3 Rxf3 18. Qxf3 Qe8 19. Re1 {[#] Threatens to win with Bg5.} Qf7 20. Bg5 $36 {[%mdl 2048] White has strong initiative.} Re8 $2 {[%mdl 8192]} (20... Qxf3 $16 21. gxf3 e6) 21. Qxf7+ $18 Kxf7 {[#]} 22. Rxe7+ $1 {[%mdl 512]} Rxe7 23. Nxd6+ Kg8 {[%cal Re7e1]} 24. Bxe7 Bxb2 25. Nxb7 Kf7 26. Bxc5 Bc3 27. d6 Nce6 28. d7 Bf6 29. Nd6+ Kg8 30. Be3 Nd8 31. Ne4 Be5 (31... Kf7 $142 32. Nc5 Nc6) 32. Bg5 Nfe6 33. Bxd8 Nxd8 {[%mdl 4096] Endgame KBN-KNN} 34. Nc4 Bd4 35. Kf1 Kf8 36. Ke2 Ke7 37. Kd3 Nc6 38. c3 Ba7 39. f4 Bg1 40. h3 h5 $2 (40... Bh2 41. Nc5 Bxf4 42. d8=Q+ Nxd8 43. Nxa6 Kd7 44. Nb6+ Kc6) 41. Ne5 Nxe5+ 42. fxe5 Kxd7 {KB-KN} 43. Kc4 Kc6 44. Ng5 Ba7 45. Ne6 Bb8 46. Nd4+ Kd7 47. Kd5 Bc7 48. e6+ Ke7 49. Nc6+ Kf6 50. e7 Kf7 51. c4 {[%cal Bc3c4,Bc4c5][%mdl 32]} Bg3 52. Kc5 Bc7 53. h4 Ke8 54. Kd5 Kd7 55. c5 Bg3 56. Ne5+ (56. Nb4 $142 Bxh4 57. Nxa6 Bxe7 58. Nb4) 56... Kxe7 57. c6 {Intending c7 and mate.} Kd8 58. Nd7 $2 ({White has to play} 58. Nxg6 $18 Kc7 59. Nf8) 58... Bxh4 $11 {The position is equal.} 59. Nc5 Be1 60. Nxa6 {Black must now prevent Nc5.} Bxa5 61. Ke6 Bd2 62. Nc5 Kc7 63. Kd5 h4 64. Ne6+ Kc8 65. Ke5 Bc3+ 66. Kf4 Bf6 67. Kg4 {next Nf4 is good for White.} g5 $1 68. Kf5 Be7 69. Kg4 Kb8 70. Kh5 Kc8 71. Nxg5 Kc7 72. Nf3 Kxc6 73. Nxh4 Kd5 74. g4 {[%cal Bg2g4,Bg4g5][%mdl 32]} Ke6 75. Nf5 Ba3 76. Nd4+ Kf7 77. g5 Bb2 78. g6+ Kg8 79. Ne6 Ba1 80. Kh6 Bb2 81. g7 Bxg7+ {Precision: White = 75%, Black = 58%.} 1/2-1/2

[Event "American Continental-ch 2018"]
[Site "Montevideo"]
[Date "2018.06.08"]
[Round "9"]
[White "Larrea, Manuel"]
[Black "Torella, Rodolfo"]
[Result "1-0"]
[WhiteElo "2268"]
[BlackElo "2016"]
[Annotator "TA"]
[PlyCount "59"]
[EventDate "2018.??.??"]
[EventType "swiss"]
[EventCountry "URU"]
[SourceTitle "playchess.com"]
[Source "ChessBase"]
[SourceQuality "1"]

{[%evp 13,59,48,44,16,20,14,9,18,16,13,17,-20,0,-8,-4,-6,0,-18,0,0,0,0,0,0,0,0,0,0,0,0,0,0,11,0,0,-23,-14,-40,0,0,6,0,0,0,0,0,5,0]} 1. e4 d5 2. exd5 Qxd5 3. Nc3 Qa5 4. d4 Nf6 5. Bc4 c6 6. Bd2 Bf5 {B01: Scandinavian Defence} 7. Nd5 Qd8 {LiveBook: 66 Games} 8. Ne3 (8. Nxf6+ gxf6 9. Nf3 e6 10. O-O Nd7 11. Re1 Nb6 12. Bf1 Bg7 13. Nh4 Bg6 14. c3 O-O 15. g3 Rc8 16. a4 Re8 17. Qb3 Rc7 18. Bg2 Rd7 19. a5 Nd5 20. c4 Ne7 {½-½ (20) Gharamian,T (2660)-Bauer,C (2625) Germany 2016}) 8... Bg6 9. Nf3 e6 10. Qe2 Be7 11. h4 Nbd7 12. g4 $146 ({Predecessor:} 12. Bb3 Qc7 13. Nc4 O-O-O 14. Nfe5 {0-1 (82) Sanli,E-Borer,R (2015) Elista 1998}) 12... h5 13. g5 Nd5 14. Nxd5 cxd5 15. Bb5 {[#] Hoping for Ne5.} Bd6 16. Ne5 Bxe5 $1 17. Qxe5 O-O 18. Qd6 Nb6 19. Bb4 Qxd6 20. Bxd6 Rfc8 21. c3 Nc4 22. Bxc4 $1 Rxc4 23. Kd2 Rc6 24. Be5 Rac8 25. Rhc1 Kf8 26. a4 {The position is equal.} Kg8 27. Ra3 f6 28. gxf6 gxf6 29. Bf4 Re8 30. Re1 {[%mdl 32768] Precision: White = 36%, Black = 57%. . Loss on Time!?} 1-0

[Event "American Continental-ch 2018"]
[Site "Montevideo"]
[Date "2018.06.08"]
[Round "9"]
[White "Kapitanchuk, Tomas"]
[Black "Roselli Mailhe, Bernardo"]
[Result "0-1"]
[WhiteElo "2253"]
[BlackElo "2433"]
[Annotator "TA"]
[PlyCount "62"]
[EventDate "2018.??.??"]
[EventType "swiss"]
[EventCountry "URU"]
[SourceTitle "playchess.com"]
[Source "ChessBase"]
[SourceQuality "1"]

{[%evp 11,62,10,12,0,0,-13,-4,-35,-28,-34,-18,-35,-37,-71,-73,-89,-63,-60,-59,-51,-53,-186,-184,-181,-193,-257,-178,-188,-178,-374,-372,-388,-388,-380,-386,-484,-482,-999,-991,-985,-560,-986,-985,-1004,-992,-1941,-1770,-3258,-926,-2287,-2029,-2770,-2768]} 1. e4 e6 2. d4 d5 3. Nd2 a6 4. Ngf3 c5 5. exd5 exd5 6. c3 Nc6 7. Be2 {C07: French Tarrasch: 3...c5, 4 Ngf3 and 4 exd5 Qxd5} Nf6 8. O-O cxd4 9. cxd4 {The position is equal.} Bd6 10. Nb3 $146 ({Predecessor:} 10. Re1 O-O 11. Nf1 Re8 12. Bg5 h6 13. Bh4 Bf4 14. Bd3 Rxe1 15. Qxe1 {½-½ (76) Kryvoruchko,Y (2627)-Hussein,H (2354) Beijing 2008}) 10... h6 11. Nc5 O-O 12. a3 Re8 13. Nd3 Bg4 14. Be3 Ne4 15. Re1 Qf6 $36 {[%mdl 2048] [#] Black is more active.} 16. Nc5 {[#]} (16. Nde5 $1 $15 {[%mdl 512]} Be6 (16... Nxe5 17. dxe5) 17. Qb3) 16... Bxc5 $1 $19 ({Much less strong is} 16... Bxf3 17. Bxf3 Bxc5 18. dxc5 $11) 17. dxc5 Qxb2 {Threatens to win with ...Nc3.} 18. Qa4 (18. Kf1 $142) 18... Qf6 19. Rac1 Rad8 20. Nd4 $2 (20. h3 {was worth a try.} Bxf3 21. Bxf3) 20... Bxe2 21. Rxe2 {[#]} Nc3 $1 {[%mdl 512]} 22. Rxc3 {Hoping for Rd3.} Nxd4 23. Bxd4 Rxe2 {[%cal Re2e1] Black is clearly winning.} 24. h3 (24. g3 $142 Qf5 25. Rc1) 24... Qf4 {[%cal Re2e1]} 25. Rg3 Re1+ 26. Kh2 Rde8 27. Qb4 R1e4 28. Qxb7 Rxd4 29. Qd7 Rf8 30. c6 h5 31. c7 Rc4 {Precision: White = 22%, Black = 79%.} 0-1

[Event "American Continental-ch 2018"]
[Site "Montevideo"]
[Date "2018.06.08"]
[Round "9"]
[White "Jodorcovsky Werjivker, Paulo"]
[Black "Salinas Herrera, Pablo"]
[Result "1/2-1/2"]
[WhiteElo "2249"]
[BlackElo "2463"]
[Annotator "TA"]
[PlyCount "84"]
[EventDate "2018.??.??"]
[EventType "swiss"]
[EventCountry "URU"]
[SourceTitle "playchess.com"]
[Source "ChessBase"]
[SourceQuality "1"]

{[%evp 13,84,-10,0,-18,23,24,19,22,54,68,67,64,59,62,66,16,12,0,0,7,2,0,0,0,0,-11,0,-16,-8,-6,-19,-31,-9,0,0,-223,-18,-16,-8,-106,-91,-79,-12,-10,0,-9,0,0,51,-102,25,22,23,14,36,-114,-88,-81,-15,-22,0,-83,-40,-39,-33,-81,0,0,0,0,0,0,0]} 1. d4 Nf6 2. c4 e6 3. Nc3 Bb4 4. e3 O-O 5. Nge2 Re8 6. a3 Bf8 7. Ng3 d5 8. Be2 {E46: Nimzo-Indian: Rubinstein: 4 e3 0-0 5 Ne2 without early Bd3} c5 (8... b6 9. cxd5 exd5 10. O-O Bb7 11. b4 Nbd7 12. Qb3 c6 13. Bf3 a5 14. b5 c5 15. Nxd5 a4 {½-½ (53) Shankland,S (2671)-Ding,L (2778) Liaocheng 2018}) 9. dxc5 Bxc5 10. O-O Nc6 11. b4 Bd6 12. Bb2 a6 13. Rc1 $146 ({Predecessor:} 13. cxd5 exd5 14. Bf3 Be5 15. Na4 Bxb2 16. Nxb2 {1-0 (29) Iljiushenok,I (2491)-Aleksandrov,A (2606) St Petersburg 2015}) 13... Be5 14. cxd5 (14. Qc2 {with more complications.} dxc4 15. Bxc4 Qe7 16. Rfd1 Bd7 17. Nge4) 14... exd5 15. Na4 Bxb2 16. Nxb2 d4 17. Nc4 Be6 18. exd4 Nxd4 19. Re1 b5 20. Na5 Qb6 21. Rc5 Rad8 22. Qc1 Nd7 23. Rc3 $1 Ne5 24. Qb2 $2 (24. Bf1 $11 Bd5 25. Rd1) 24... f6 $2 (24... Bg4 $1 $19 25. Bf1 h5) 25. Bf1 $11 Bf7 $36 {[%mdl 2048] Black is more active.} 26. Rec1 (26. Qc1 $11) 26... h5 $1 $17 27. h3 h4 (27... Bg6 $1 $17) 28. Ne4 $11 Ng6 29. Nc5 Rd5 (29... Nf4 $5 30. Re3 $8 Re5 $11) 30. Rd3 Nf5 (30... Qd6 $11 31. Rcd1 Nf3+ 32. gxf3 Ne5) 31. Rcd1 $2 (31. Rxd5 $14 Bxd5 32. Bd3) 31... Nfe7 ({Better is} 31... Rxc5 $1 $17 32. bxc5 Qxa5) 32. Rxd5 Nxd5 33. Nab3 Ndf4 34. Rd7 (34. Nd4 $14 {keeps the upper hand.}) 34... Ne5 35. Rd4 {[#]} g5 (35... Nxh3+ $1 $17 {[%mdl 512]} 36. gxh3 Nf3+ 37. Kg2 Nxd4 38. Qxd4 Bxb3 39. Nxb3 Qxd4 40. Nxd4 Rc8) 36. Qc3 Kg7 37. Nd7 (37. Rd1 $11 {keeps the balance.}) 37... Qb7 38. Nxe5 Rxe5 ({Much worse is} 38... fxe5 $6 39. Rd2 $16) 39. Nc5 {[#]} Qc6 ({Black should play} 39... Qxg2+ $1 $17 {[%mdl 512]} 40. Bxg2 Ne2+ 41. Kh2 Nxc3) 40. Qd2 {The position is equal.} Bd5 {[%cal Rd5g2]} 41. Nd3 Nxd3 42. Rxd3 Bf7 {Precision: White = 53%, Black = 36%.} 1/2-1/2

[Event "American Continental-ch 2018"]
[Site "Montevideo"]
[Date "2018.06.08"]
[Round "9"]
[White "Donoso Diaz, Sebastian"]
[Black "Soto Vega, Jorge"]
[Result "1-0"]
[WhiteElo "2184"]
[BlackElo "2357"]
[Annotator "TA"]
[PlyCount "51"]
[EventDate "2018.??.??"]
[EventType "swiss"]
[EventCountry "URU"]
[SourceTitle "playchess.com"]
[Source "ChessBase"]
[SourceQuality "1"]

{[%evp 27,51,31,102,114,161,156,165,150,175,168,156,99,235,227,277,296,622,610,886,870,880,866,868,882,852,838]} 1. d4 Nf6 2. c4 c5 3. d5 b5 4. cxb5 a6 5. bxa6 Bxa6 6. Nc3 d6 7. e4 Bxf1 8. Kxf1 Nbd7 9. g3 g6 10. Nf3 Bg7 11. Kg2 O-O 12. Qe2 Qa5 {A59: Benko/Volga Gambit: White castles by hand} 13. a4 Rfb8 14. Ra3 Ng4 {[#] LiveBook: 3 Games} (14... Rb4 $14) 15. Nd2 $146 ({Predecessor:} 15. Bg5 Kf8 16. h4 h5 17. Bc1 Nge5 18. Nd2 Nb6 19. f4 Ng4 20. Rf1 {0-1 (38) Dragun,K (2530)-Andriasian,Z (2610) Warsaw 2013}) 15... h5 16. h3 Ngf6 17. Nc4 Qb4 {[#]} 18. a5 $1 {[%cal Ba4a5,Ba5a6][%mdl 32]} Ne8 19. Bg5 (19. f4 $142) 19... Kf8 (19... Ne5 $16 20. Ra4 Qb3) 20. Rha1 $18 Nc7 21. a6 Nb5 $2 {[#]} (21... Ne5) 22. Nxb5 {White is clearly winning.} Qxb5 23. Ra5 Qb4 24. R1a4 Qb3 25. Ra3 Qb4 26. Bd2 {Precision: White = 88%, Black = 15%.} 1-0

[Event "American Continental-ch 2018"]
[Site "Montevideo"]
[Date "2018.06.09"]
[Round "10"]
[White "Xiong, Jeffery"]
[Black "Shankland, Samuel"]
[Result "0-1"]
[WhiteElo "2656"]
[BlackElo "2717"]
[Annotator "TA"]
[PlyCount "82"]
[EventDate "2018.??.??"]
[EventType "swiss"]
[EventCountry "URU"]
[SourceTitle "playchess.com"]
[Source "ChessBase"]
[SourceQuality "1"]

{[%evp 17,82,12,14,0,2,-47,-36,-31,-35,-95,-108,-131,-89,-72,-62,-87,-100,-95,-91,-220,-237,-224,-243,-234,-229,-285,-238,-333,-332,-315,-292,-295,-286,-267,-182,-274,-280,-276,-275,-294,-281,-455,-440,-465,-450,-549,-549,-537,-543,-523,-529,-525,-520,-774,-865,-854,-845,-904,-887,-29980,-29981,-29981,-29982,-29983,-29983,-29980,-29976]} 1. e4 c5 2. Nf3 d6 3. d4 cxd4 4. Nxd4 Nf6 5. Nc3 a6 6. h3 g6 7. g4 Bg7 8. Be3 {B90: Sicilian Najdorf: Unusual White 6th moves, 6 Be3 Ng4 and 6 Be3 e5} O-O 9. Qd2 b5 {LiveBook: 3 Games} 10. Bg2 {Strongly threatening e5!The position is equal.} Bb7 11. a3 $146 ({Predecessor:} 11. O-O Nbd7 12. e5 dxe5 13. Ne6 fxe6 14. Bxb7 Rb8 15. Bg2 e4 16. Rad1 Ne5 17. Qxd8 Rbxd8 18. Nxe4 {½-½ (18) Mokry,K (2485)-Georgiev,K (2590) Warsaw 1987}) 11... Nbd7 {[%cal Bb8d7,Bd7e5,Be5f3][%mdl 32]} 12. g5 Nh5 13. Bf3 (13. O-O $15) 13... Ne5 $17 14. Bxh5 gxh5 15. O-O-O Rc8 16. Kb1 Rxc3 17. Qxc3 Bxe4 18. f3 (18. Rhf1 $17 {is a better defense.}) 18... Nxf3 $19 {And now ...Qa8 would win.} 19. Rhf1 Qd7 {Hoping for ...Rc8.} 20. Qb3 Ne5 (20... Qxh3 21. Nxf3 Bxf3 22. Bd4) 21. Rf4 Bg6 22. Rdf1 e6 (22... Qxh3 23. Nf5 $17) 23. Rf6 Rc8 ({Don't play} 23... Bxf6 24. gxf6 Nc4 25. Bc1 $19) 24. Bc1 Rc4 ({Don't do} 24... Bxf6 25. gxf6 Qc7 26. Rf2 $19) 25. Qe3 Qa7 ({Don't take} 25... Bxf6 26. gxf6 Qc8 27. Ka2 $19) 26. Nf5 (26. b3 $142 Rxd4 {[#]} 27. Rxg6 $1 {[%mdl 512]} hxg6 28. c3) 26... Qxe3 27. Nxe3 Rh4 28. R6f4 Rxh3 29. a4 $2 (29. Ng2 {was worth a try.}) 29... h6 30. axb5 axb5 31. Rb4 {[#]} Nd3 $1 {[%mdl 512]} 32. cxd3 Bxd3+ 33. Ka2 Bxf1 34. Nxf1 Rh1 35. Rf4 hxg5 36. Rf2 Bd4 37. Be3 {[#]} Rxf1 $1 {[%mdl 512]} 38. Bxd4 (38. Rxf1 Bxe3) 38... Rxf2 {Black mates.} 39. Bxf2 h4 {[%cal Bh5h4,Bh4h3][%mdl 32]} 40. Kb3 f5 41. Kb4 h3 {Precision: White = 39%, Black = 92%.} 0-1